Państwa leżące na równiku - Statystyki

Ogólne statystyki
  • Ten quiz został rozwiązany 11 razy
  • Średni wynik to 9 z 13
Statystyki odpowiedzi
Hint Odpowiedź % Poprawnych
Ameryka Południowa Brazylia
100%
Ameryka Południowa Ekwador
100%
Azja Indonezja
89%
Afryka Kenia
89%
Ameryka Południowa Kolumbia
89%
Afryka Demokratyczna Republika Konga
78%
Afryka Gabon
78%
Afryka Kongo
78%
Oceania Kiribati
56%
Afryka Uganda
56%
Afryka Wyspy Świętego Tomasza i Książęca
44%
Azja Malediwy
33%
Afryka Somalia
33%
Nie znaleziono quizów pasujących do podanych kryteriów
Rozkład punktacji
Procent ludzi z każdym wynikiem
Percentyl według liczby udzielonych odpowiedzi
Twoja historia wyników
Nie rozwiązałeś tego quizu